| 000 | 00732cab a2200229 4500 | ||
|---|---|---|---|
| 001 | WB3107-05 | ||
| 008 | 090401t1995 xxu||||| |||| 00| 0 eng d | ||
| 035 | _a(Sirsi) u3152 | ||
| 041 | _aeng | ||
| 245 | _aOn-demand bonds | ||
| 260 | _c1995 | ||
| 350 | _a0 | ||
| 490 |
_aNew Builder _v(245) 10 February 1995, 3(1) |
||
| 520 | _aThe NJCC has asked for an explanation from Lambeth BC on its persistent use of on-demand performance bonds, which the Government wants to ban from government contracts. | ||
| 650 | _aLAMBETH BC | ||
| 650 | _aLOCAL AUTHORITIES | ||
| 650 | _aON-DEMAND BONDS | ||
| 650 | _aON-DEMAND PERFORMANCE BONDS | ||
| 690 | _aBUILT ENVIRONMENT-BUILDING CONTRACT FORMS | ||
| 942 | _n0 | ||
| 948 | _c04/03/1997 | ||
| 999 |
_c1917 _d1917 |
||